000 00673 a2200157 4500
001 125792
020 _a9780545200790
040 _cEscola Canadense de Niteroi
100 _aLisa Molengraft
245 1 0 _aSuccess With Writing: Grade 1
362 0 _a2010
490 0 _aSuccess With Writing
520 _aGive students the targeted, skill-building practice they need with these standards-based books! Each workbook includes more than 40 ready-to-reproduce practice pages. Easy-to-follow directions and fun exercises motivate students to work on their own. Every activity in each book is correlated to state standards.
650 4 _aEducation and Teaching
942 _cBK
999 _c125792
_d125792